Zprávy Štátneho plánovacieho a štatistického úradu

Guardado en:
Detalles Bibliográficos
Formato: Seriadas
Lenguaje:eslovaco
Publicado: Bratislava ŠPÚ
Etiquetas: Agregar Etiqueta
Sin Etiquetas, Sea el primero en etiquetar este registro!

MARC

LEADER 00000nas1a2200000$$$4500
001 0017731
005 20250730114821.6
041 0 |a slo 
044 |a SK 
245 1 0 |a Zprávy Štátneho plánovacieho a štatistického úradu 
264 1 |a Bratislava  |b ŠPÚ